Normal view
MARC view
- BIOGRAPHY-SYED JAMAL-UD-DIN AFGHANI
Entry Topical Term
001 - CONTROL NUMBER
- control field: 68588
003 - CONTROL NUMBER IDENTIFIER
- control field: NUST
005 - DATE AND TIME OF LATEST TRANSACTION
- control field: 20210628204054.0
008 - FIXED-LENGTH DATA ELEMENTS
- fixed length control field: 210628|| aca||aabn | a|a d
040 ## - CATALOGING SOURCE
- Original cataloging agency: NUST
- Transcribing agency: NUST
150 ## - HEADING--TOPICAL TERM
- Topical term or geographic name entry element: BIOGRAPHY-SYED JAMAL-UD-DIN AFGHANI
670 ## - SOURCE DATA FOUND
- Source citation: Work cat.: (NUST): Muhammad Akram Chughtai 68587, Majmua syed jamal-ud-din afghani, 2006
